000 01015nam a2200277Ia 4500
003 OSt
005 20221005105534.0
006 a|||||r|||| 00| 0
007 ta
008 221004b |||||||| |||| 00| 0 hin d
020 _a9789387462243 (hbk)
_cINR 795.00
024 _a43414
037 _bBR/7268, 16/02/2019, Rajkamal Prakashan Pvt. Ltd.
_cTextual
040 _aCRL
_cCRL
_bhin
041 _2hin
_ahin
082 _aO152,3NSH,RS, Q8
100 _aगीतांजलि श्री, ले.
245 0 _aरेत - समाधि
246 _aRet - samādhi
260 _aनई दिल्ली
_bराजकमल प्रकाशन भारत
_c2018
300 _a375पृ0
_ccm.
650 _a हिन्दी साहित्य
650 _aहिन्दी कहानी
942 _hO152,3NSH,RS, Q8
_cTEXL
_2cc
999 _c1016116
_d1016116